Score 0/24 Timer 03:00
0 Plays Today
Clue 4-Letter Word % Correct
'____ Russia with Love'•FROM•
98%
To outperform or winBEST
96.5%
Adult tadpoleFROG
96.5%
Michael Jackson hit: '____ It'BEAT
96.2%
'____ Death Do Us Part'•TILL•
94.3%
Opposite of upDOWN
92.5%
Icon of every countryFLAG
92.2%
When the sun rises each morning•DAWN•
91.4%
Word for sunset•DUSK•
91.3%
Bathroom floor componentTILE
91.1%
To whipFLOG
89.9%
One of four on a carTIRE
88.3%
Clue 4-Letter Word % Correct
A small residential areaTOWN
87.9%
Unwanted bunny?DUST
86.4%
Actor Rip of 'Men in Black'TORN
86.3%
Upper part of human torsoBUST
84.7%
RippedTORE
84.7%
Anaheim NHL MascotDUCK
82.8%
Animal that runs in PamplonaBULL
82.5%
New York footballerBILL
80.2%
Dollar, slangilyBUCK
76.6%
Abbr. for a musical collaborationFEAT.
75.3%
____ StanleyFLAT
74.2%
Majority of any itemBULK
74.1%

Today's Daily Dose

Missing Word
I Hardly Know Her!

Word Ladder
Sentence Ending

Quick Pick
Female Firsts

Get the Picture
Triathlon Sports

Remove Ads.
Support Sporcle.
Get the best of Sporcle when you Go Orange. This ad-free experience offers more features, more stats, and more fun while also helping to support Sporcle. Thank you for becoming a member.

You're not logged in!

Compare scores with friends on all Sporcle quizzes.
OR
Log In

Show Comments

Extras

Top Quizzes Today


Score Distribution

Your Account Isn't Verified!

In order to create a playlist on Sporcle, you need to verify the email address you used during registration. Go to your Sporcle Settings to finish the process.

Report this User

Report this user for behavior that violates our Community Guidelines.

Details: